UBT Library

Documentation for physician assistants / (Record no. 39963)

000 -LEADER
fixed length control field 00749cam a2200229 a 4500
001 - CONTROL NUMBER
control field 14529684
005 - DATE AND TIME OF LATEST TRANSACTION
control field 20180109084426.0
008 - FIXED-LENGTH DATA ELEMENTS--GENERAL INFORMATION
fixed length control field 060831s2004 pau b 001 0 eng
010 ## - LIBRARY OF CONGRESS CONTROL NUMBER
LC control number 2006279685
020 ## - INTERNATIONAL STANDARD BOOK NUMBER
International Standard Book Number 0803611412 (pbk.)
040 ## - CATALOGING SOURCE
Original cataloging agency DLC
Transcribing agency DLC
041 ## - LANGUAGE CODE
Language code of text/sound track or separate title eng
080 ## - UNIVERSAL DECIMAL CLASSIFICATION NUMBER
Universal Decimal Classification number 615.8 DEB
082 ## - DEWEY DECIMAL CLASSIFICATION NUMBER
Edition number 615.8 DEB
100 1# - Rafti
Rafti 8
101 ## - Shkurtesa
Shkurtesa EKZ
245 10 - TITLE STATEMENT
Title Documentation for physician assistants /
Statement of responsibility, etc Debra D. Sullivan, Lynnette J. Mattingly.
504 ## - BIBLIOGRAPHY, ETC. NOTE
Bibliography, etc Includes bibliographical references (p. 187-188).
906 ## - LOCAL DATA ELEMENT F, LDF (RLIN)
a 7
b cbc
c orignew
d 2
e ncip
f 20
g y-gencatlg
942 ## - ADDED ENTRY ELEMENTS (KOHA)
Source of classification or shelving scheme
Item type Books
Holdings
Withdrawn status Lost status Source of classification or shelving scheme Damaged status Not for loan Collection code Permanent location Current location Shelving location Date acquired Total Checkouts Full call number Barcode Date last seen Price effective from Koha item type
          Koleksioni i përgjithshem UBT - Lipjan UBT - Lipjan Koleksioni i përgjithshem 01/09/2018   615.8 DEB 002-2995107 01/09/2018 01/09/2018 Books
UBT Library © 2015-2024. All rights reserved University Education for Business and Technology